| 000 | 01738nam0a22003371 4500 | ||
|---|---|---|---|
| 001 | v19\rc\1902346 | ||
| 005 | 20251118180522.4 | ||
| 035 | _a(NLR Aleph) 004992442 | ||
| 090 |
_a6300444 _c6300444 |
||
| 100 | _a20080404d1911 u y0rusy50 ca | ||
| 101 | 1 |
_arus _cger |
|
| 102 | _aRU | ||
| 105 | _aa z ||||| | ||
| 200 | 1 |
_aНовые методы диагностики и лечения сифилиса _eМикроскоп. диагностика, Wassermann'овская реакция, лечение сальварсаном _fDr. G. Meier и Dr. H. Mayer _gПер. с нем. д-ра Я.Ю. Либермана |
|
| 210 |
_aСанкт-Петербург _cтип. "Экономия" _d1911 |
||
| 215 |
_a72 с. _cил. _d21 |
||
| 300 | _aЗагл. ориг.: Die neuen Methoden der Syphillis diagnose und Syphillistherapie... | ||
| 300 | _aПер. также под загл.: Новейшие способы распознавания и лечения сифилиса | ||
| 451 | 0 |
_12001#$aНовейшие способы распознавания и лечения сифилиса _tНовейшие способы распознавания и лечения сифилиса |
|
| 454 | 0 |
_12001#$aDie neuen Methoden der Syphillis diagnose und Syphillistherapie... _tDie neuen Methoden der Syphillis diagnose und Syphillistherapie... |
|
| 700 | 1 |
_aМейер _bГ. _f1841-1900 _gГеорг |
|
| 701 | 1 |
_aМейер _bГ. _gГерман |
|
| 702 | 1 |
_aЛиберман _bЯ.Ю. _f1873- _gЯков Юльевич _4730 |
|
| 801 | 0 |
_aRU _bNLR _gpsbo |
|
| 801 | 0 |
_aRU _bRuMoRGB _2psbo |
|
| 801 | 1 |
_aRU _bProSoft-M _2rusmarc |
|
| 852 |
_aNLR _j34.83.8.843 |
||
| 899 |
_aRuMoRGB _jF 100/338 |
||
| 899 | _aБАН | ||
| 942 | _cBOOK | ||
| 980 | _aNB | ||